00683 2200253 4500001002100000005001700021008004100038020001800079035002400097040001500121082000800136090001500144100002000159245005600179250001000235260004200245300001900287500002800306650003300334700002000367850001200387990001500399990001500414YOGYA-0209000003994220090227025613.0 ind  a979-22-1400-3 0010-020900000039942 aYOPDYOG(M) a813 a813bWrl W aWELLMAN, Paul I aWanitacPaul I Wellman; alih bahasa, Alfons Taryadi aCet.6 aJakartabGramedia Pustaka Utamac2005 a522 hlmc23 cm aJudul asli : The female aFiksi Indonesia - Terjemahan aTaryadi, Alfons aYOPDYOG a07B0030911 a07B0030912